MARC details
| 000 -LEADER |
| fixed length control field |
02087cam a2200433 i 4500 |
| 001 - CONTROL NUMBER |
| control field |
16208695 |
| 003 - CONTROL NUMBER IDENTIFIER |
| control field |
EG-ScBUE |
| 005 - DATE AND TIME OF LATEST TRANSACTION |
| control field |
20240401103405.0 |
| 008 - FIXED-LENGTH DATA ELEMENTS--GENERAL INFORMATION |
| fixed length control field |
100429t2010 nyuab f b 001 0beng d |
| 020 ## - INTERNATIONAL STANDARD BOOK NUMBER |
| International Standard Book Number |
0375435018 |
| 020 ## - INTERNATIONAL STANDARD BOOK NUMBER |
| International Standard Book Number |
9780375435010 |
| 035 ## - SYSTEM CONTROL NUMBER |
| System control number |
(OCoLC)ocn613293334 |
| 040 ## - CATALOGING SOURCE |
| Original cataloging agency |
DLC |
| Language of cataloging |
eng |
| Description conventions |
rda |
| Transcribing agency |
DLC |
| Modifying agency |
IG# |
| -- |
YDXCP |
| -- |
UPZ |
| -- |
DLC |
| -- |
EG-ScBUE |
| 043 ## - GEOGRAPHIC AREA CODE |
| Geographic area code |
n-us--- |
| -- |
p------ |
| 082 04 - DEWEY DECIMAL CLASSIFICATION NUMBER |
| Classification number |
940.547252092 |
| Edition number |
22 |
| Item number |
HIL |
| 100 1# - MAIN ENTRY--PERSONAL NAME |
| Personal name |
Hillenbrand, Laura, |
| Relator term |
author. |
| 9 (RLIN) |
24791 |
| 245 10 - TITLE STATEMENT |
| Title |
Unbroken : |
| Remainder of title |
a World War II story of survival, resilience, and redemption / |
| Statement of responsibility, etc |
Laura Hillenbrand. |
| 264 #1 - PUBLICATION, DISTRIBUTION, ETC. (IMPRINT) |
| Place of publication, distribution, etc |
New York : |
| Name of publisher, distributor, etc |
Random House, |
| Date of publication, distribution, etc |
[2010] |
| 264 #4 - PUBLICATION, DISTRIBUTION, ETC. (IMPRINT) |
| Date of publication, distribution, etc |
c2010 |
| 300 ## - PHYSICAL DESCRIPTION |
| Extent |
776 pages : |
| Other physical details |
illustrations ; |
| Dimensions |
25 cm |
| 336 ## - CONTENT TYPE |
| Source |
rdacontent |
| Content type term |
text |
| Content type code |
txt |
| 337 ## - MEDIA TYPE |
| Media type term |
unmediated |
| Source |
rdamedia |
| Media type code |
n |
| 338 ## - CARRIER TYPE |
| Carrier type term |
volume |
| Carrier type code |
nc |
| Source |
rdacarrier |
| 504 ## - BIBLIOGRAPHY, ETC. NOTE |
| Bibliography, etc |
Includes bibliographical references and index. |
| 520 ## - SUMMARY, ETC. |
| Summary, etc |
On a May afternoon in 1943, an Army Air Forces bomber crashed into the Pacific Ocean and disappeared, leaving only a spray of debris and a slick of oil, gasoline, and blood. Then, on the ocean surface, a face appeared--Lt. Louis Zamperini. Captured by the Japanese and driven to the limits of endurance, Zamperini would answer desperation with ingenuity; suffering with hope, resolve, and humor. |
| 600 17 - SUBJECT ADDED ENTRY--PERSONAL NAME |
| Personal name |
Zamperini, Louis, |
| Dates associated with a name |
1917- |
| Source of heading or term |
BUEsh |
| 9 (RLIN) |
24792 |
| 610 17 - SUBJECT ADDED ENTRY--CORPORATE NAME |
| Corporate name or jurisdiction name as entry element |
United States. |
| Subordinate unit |
Army Air Forces. |
| -- |
Heavy Bombardment Group, 307th. |
| Source of heading or term |
BUEsh |
| 9 (RLIN) |
24793 |
| 650 #7 - SUBJECT ADDED ENTRY--TOPICAL TERM |
| Topical term or geographic name as entry element |
World War, 1939-1945 |
| General subdivision |
Prisoners and prisons, Japanese. |
| Source of heading or term |
BUEsh |
| 9 (RLIN) |
24794 |
| 650 #7 - SUBJECT ADDED ENTRY--TOPICAL TERM |
| Topical term or geographic name as entry element |
Prisoners of war |
| Geographic subdivision |
United States |
| Form subdivision |
Biography. |
| Source of heading or term |
BUEsh |
| 9 (RLIN) |
24795 |
| 650 #7 - SUBJECT ADDED ENTRY--TOPICAL TERM |
| Topical term or geographic name as entry element |
Prisoners of war |
| Geographic subdivision |
Japan |
| Form subdivision |
Biography. |
| Source of heading or term |
BUEsh |
| 9 (RLIN) |
24796 |
| 650 #7 - SUBJECT ADDED ENTRY--TOPICAL TERM |
| Topical term or geographic name as entry element |
World War, 1939-1945 |
| General subdivision |
Aerial operations, American. |
| Source of heading or term |
BUEsh |
| 9 (RLIN) |
24797 |
| 650 #7 - SUBJECT ADDED ENTRY--TOPICAL TERM |
| Topical term or geographic name as entry element |
World War, 1939-1945 |
| General subdivision |
Campaigns |
| Geographic subdivision |
Pacific Area. |
| Source of heading or term |
BUEsh |
| 9 (RLIN) |
24798 |
| 650 #7 - SUBJECT ADDED ENTRY--TOPICAL TERM |
| Topical term or geographic name as entry element |
Long-distance runners |
| Geographic subdivision |
United States |
| Form subdivision |
Biography. |
| Source of heading or term |
BUEsh |
| 9 (RLIN) |
24799 |
| 653 ## - INDEX TERM--UNCONTROLLED |
| Arrived date list |
June2011 |
| BestSellers |
Best Sellers |
| 655 ## - INDEX TERM--GENRE/FORM |
| Form subdivision |
Reading book |
| 942 ## - ADDED ENTRY ELEMENTS (KOHA) |
| Source of classification or shelving scheme |
Dewey Decimal Classification |
| Koha item type |
Book - Borrowing |